[Event "COL-ch sf1"]
[Site "Medellin"]
[Date "2019.04.17"]
[Round "3"]
[White "Rivera, Ingris"]
[Black "Celi, Juan Carlos"]
[Result "1-0"]
[WhiteElo "2197"]
[BlackElo "1913"]
[PlyCount "55"]
[EventDate "2019.04.16"]
[EventType "swiss"]
[EventRounds "10"]
[EventCountry "COL"]
[SourceTitle "CBM 190 Extra"]
[Source "ChessBase"]
[SourceDate "2019.07.15"]
[SourceVersion "1"]
[SourceVersionDate "2019.07.15"]
[SourceQuality "1"]

1. d4 Nf6 2. c4 g6 3. Nc3 Bg7 4. e4 d6 5. f4 c5 6. d5 0-0 7. Nf3 Na6 8. Be2 Nc7 9. 0-0 a6 10. a4 a5 11. h3 Na6 12. Be3 Nb4 13. Qd2 Bd7 14. g4 h5 15. Nh2 Qc8 16. f5 hxg4 17. hxg4 Re8 18. Bh6 Kh7 19. Bxg7 Kxg7 20. g5 Nh7 21. Qf4 gxf5 22. exf5 Rg8 23. Kh1 Kf8 24. f6 Qd8 25. Ne4 Ra6 26. Qh4 Nc2 27. Qxh7 Nxa1 28. Bh5 1-0

[Event "COL-ch"]
[Site "Bogota"]
[Date "2018.11.06"]
[Round "1"]
[White "Celi, Juan Carlos"]
[Black "Valderrama Quiceno, Esteban Alberto"]
[Result "0-1"]
[WhiteElo "1880"]
[BlackElo "2443"]
[PlyCount "78"]
[EventDate "2018.11.06"]
[EventType "swiss"]
[EventRounds "9"]
[EventCountry "COL"]
[SourceTitle "CBM 187 Extra"]
[Source "ChessBase"]
[SourceDate "2018.11.04"]
[SourceVersion "1"]
[SourceVersionDate "2018.11.04"]
[SourceQuality "1"]

1. e4 g6 2. d4 Bg7 3. f4 d6 4. Nf3 c5 5. Bb5+ Nc6 6. c3 Qb6 7. Qd3 cxd4 8. Nxd4 Bd7 9. Nxc6 bxc6 10. Bc4 Nf6 11. h3 0-0 12. Bb3 a5 13. Na3 a4 14. Bc2 Rfb8 15. Nc4 Qc7 16. Qe2 d5 17. Ne5 Bc8 18. exd5 cxd5 19. 0-0 a3 20. Bd3 axb2 21. Bxb2 Qb6+ 22. Rf2 Bf5 23. Kh2 Bxd3 24. Nxd3 Ne4 25. Rff1 e6 26. Rfc1 Ra4 27. Rc2 Qc7 28. g3 h5 29. c4 Rxc4 30. Rxc4 Qxc4 31. Bxg7 Kxg7 32. Rc1 Qd4 33. Rc2 Ra8 34. Rb2 Kg8 35. Ne5 Rc8 36. Rc2 Rxc2 37. Qxc2 Qe3 38. Qg2 h4 39. Ng4 hxg3+ 0-1

[Event "COL-ch sf 2nd"]
[Site "Tunja"]
[Date "2018.04.20"]
[Round "6"]
[White "Celi, Juan Carlos"]
[Black "Varela, Maria de los Angele"]
[Result "0-1"]
[WhiteElo "1917"]
[BlackElo "1796"]
[PlyCount "60"]
[EventDate "2018.04.17"]
[EventType "swiss"]
[EventRounds "10"]
[EventCountry "COL"]
[SourceTitle "CBM 184 Extra"]
[Source "ChessBase"]
[SourceDate "2018.06.28"]
[SourceVersion "1"]
[SourceVersionDate "2018.06.28"]
[SourceQuality "1"]

1. d4 Nf6 2. c4 g6 3. g3 Bg7 4. Nf3 d6 5. Bg2 0-0 6. 0-0 c5 7. Nc3 Nc6 8. e3 a6 9. d5 Na5 10. Qd3 Rb8 11. Rb1 b5 12. cxb5 c4 13. Qd1 axb5 14. Nd4 Ba6 15. Bd2 b4 16. Nce2 Nd7 17. Re1 Ne5 18. Qa4 Nd3 19. Red1 Nc5 20. Qc2 e5 21. dxe6 fxe6 22. Be1 b3 23. axb3 cxb3 24. Qd2 Nc4 25. Qc1 Qf6 26. f4 Rbc8 27. Bc3 e5 28. Bd5+ Kh8 29. Nf3 Qf5 30. Re1 Qc2 0-1

[Event "COL-ch sf 2nd"]
[Site "Tunja"]
[Date "2018.04.18"]
[Round "3"]
[White "Moncada, Duvan Andres"]
[Black "Celi, Juan Carlos"]
[Result "0-1"]
[WhiteElo "1595"]
[BlackElo "1917"]
[PlyCount "62"]
[EventDate "2018.04.17"]
[EventType "swiss"]
[EventRounds "10"]
[EventCountry "COL"]
[SourceTitle "CBM 184 Extra"]
[Source "ChessBase"]
[SourceDate "2018.06.28"]
[SourceVersion "1"]
[SourceVersionDate "2018.06.28"]
[SourceQuality "1"]

1. e4 e5 2. Nf3 Nc6 3. d4 exd4 4. Nxd4 Bc5 5. Be3 Bb6 6. Bc4 Nf6 7. Nxc6 bxc6 8. e5 Bxe3 9. exf6 Qxf6 10. Qe2 0-0 11. Qxe3 Qxb2 12. 0-0 Qxa1 13. Nc3 Qb2 14. Rb1 Qa3 15. Bd3 Qd6 16. Ne4 Qe6 17. Qf4 d6 18. Ng5 Qg4 19. Qe3 h6 20. Ne4 Bd7 21. h3 Qe6 22. Qf4 Rab8 23. Re1 d5 24. Qxc7 dxe4 25. Rxe4 Rb1+ 26. Kh2 Qd5 27. Qxa7 Be6 28. a4 Qd6+ 29. g3 Bd5 30. Qd4 f5 31. c4 Bxe4 0-1

[Event "Duitama Perla de Boyaca"]
[Site "Duitama"]
[Date "2012.02.20"]
[Round "1.1"]
[White "Celi, Juan Carlos"]
[Black "Rojas Castillo, Andrea Lizeth"]
[Result "1-0"]
[WhiteElo "1935"]
[BlackElo "1758"]
[PlyCount "117"]
[EventDate "2012.02.20"]
[EventType "tourn"]
[EventRounds "10"]
[EventCountry "COL"]
[SourceTitle "EXT 2024"]
[Source "ChessBase"]
[SourceDate "2023.10.10"]
[SourceVersion "1"]
[SourceVersionDate "2023.10.10"]
[SourceQuality "1"]

1. c4 g6 2. g3 e6 3. Bg2 c6 4. Nf3 d5 5. cxd5 cxd5 6. 0-0 Nf6 7. d3 Nbd7 8. Bg5 Bg7 9. Nc3 b6 10. Rc1 0-0 11. Re1 Bb7 12. Nb5 a6 13. Nd6 Rb8 14. Nxb7 Rxb7 15. e4 dxe4 16. dxe4 Qb8 17. Qc2 h6 18. Bxf6 Nxf6 19. e5 Nd7 20. Nd4 Nxe5 21. Bxb7 Qxb7 22. Qc7 Qxc7 23. Rxc7 Rd8 24. Nc6 Nxc6 25. Rxc6 Rb8 26. b3 Bd4 27. Rd1 Bc5 28. Rd7 e5 29. Rcc7 Rf8 30. Ra7 a5 31. Kg2 h5 32. Kf3 Bd4 33. Ke4 Bxf2 34. Kxe5 Bg1 35. h3 Kg7 36. g4 hxg4 37. hxg4 Bh2+ 38. Kd5 Bg1 39. Kc6 Bc5 40. Rab7 Kf6 41. Kb5 Kg5 42. Rxf7 Rxf7 43. Rxf7 Kxg4 44. Kc4 g5 45. Kd3 Kg3 46. Ke4 g4 47. Rg7 Kh3 48. Kf4 Bd6+ 49. Ke3 Bc5+ 50. Ke2 g3 51. Kf3 Kh4 52. Rxg3 Kh5 53. Ke4 Kh4 54. Rg8 Kh5 55. Kd5 Kh6 56. Kc6 Kh7 57. Rb8 Kg6 58. Rxb6 Bxb6 59. Kxb6 1-0

[Event "Medellin Experts 17th"]
[Site "Medellin"]
[Date "2010.08.07"]
[Round "6.23"]
[White "Celi, Juan Carlos"]
[Black "Munoz Monroy, Cinthya Carolina"]
[Result "0-1"]
[WhiteElo "1935"]
[BlackElo "1859"]
[PlyCount "48"]
[EventDate "2010.08.04"]
[EventType "swiss"]
[EventRounds "9"]
[EventCountry "COL"]
[SourceTitle "EXT 2024"]
[Source "ChessBase"]
[SourceDate "2023.10.10"]
[SourceVersion "1"]
[SourceVersionDate "2023.10.10"]
[SourceQuality "1"]

1. e4 e5 2. Nf3 Nf6 3. Nxe5 Nxe4 4. Qe2 Qe7 5. Qxe4 d6 6. d4 dxe5 7. Qxe5 Qxe5+ 8. dxe5 Nc6 9. Bb5 Bd7 10. Bxc6 Bxc6 11. 0-0 0-0-0 12. Be3 g5 13. f3 h6 14. Nc3 Bg7 15. f4 Rhg8 16. fxg5 Bxe5 17. Rxf7 Rde8 18. Bf4 Bd4+ 19. Kh1 Bb6 20. h4 hxg5 21. hxg5 Rxg5 22. Rxc7+ Bxc7 23. Bxg5 Rh8+ 24. Kg1 Bb6+ 0-1

[Event "Medellin Experts 17th"]
[Site "Medellin"]
[Date "2010.08.06"]
[Round "5.26"]
[White "Arismendi Polanco, Efrain Steven"]
[Black "Celi, Juan Carlos"]
[Result "0-1"]
[WhiteElo "1592"]
[BlackElo "1935"]
[PlyCount "30"]
[EventDate "2010.08.04"]
[EventType "swiss"]
[EventRounds "9"]
[EventCountry "COL"]
[SourceTitle "EXT 2024"]
[Source "ChessBase"]
[SourceDate "2023.10.10"]
[SourceVersion "1"]
[SourceVersionDate "2023.10.10"]
[SourceQuality "1"]

1. e4 e5 2. Nf3 Nc6 3. Bc4 Nf6 4. Nc3 Nxe4 5. Nxe4 d5 6. Bd3 dxe4 7. Bxe4 Nd4 8. c3 Nxf3+ 9. Qxf3 c6 10. 0-0 Bd6 11. d4 0-0 12. dxe5 Bxe5 13. Rd1 Qh4 14. h3 Be6 15. Be3 Bc7 0-1

[Event "Medellin Experts 17th"]
[Site "Medellin"]
[Date "2010.08.06"]
[Round "4.21"]
[White "Celi, Juan Carlos"]
[Black "Ferreira Morales, Jorge Luis"]
[Result "0-1"]
[WhiteElo "1935"]
[BlackElo "1812"]
[PlyCount "112"]
[EventDate "2010.08.04"]
[EventType "swiss"]
[EventRounds "9"]
[EventCountry "COL"]
[SourceTitle "EXT 2024"]
[Source "ChessBase"]
[SourceDate "2023.10.10"]
[SourceVersion "1"]
[SourceVersionDate "2023.10.10"]
[SourceQuality "1"]

1. e4 e5 2. Nf3 Nf6 3. Nc3 Bb4 4. a3 Bxc3 5. dxc3 d6 6. Bc4 0-0 7. Bg5 Nbd7 8. Qd3 Nc5 9. Qe3 Ncxe4 10. 0-0-0 Nxg5 11. Nxg5 h6 12. Nf3 Qe7 13. h3 c6 14. Ba2 Be6 15. Kb1 Bxa2+ 16. Kxa2 Qe6+ 17. Kb1 Nd5 18. Qd2 Rad8 19. g4 Qf6 20. Qe2 Nf4 21. Qe4 Rfe8 22. h4 d5 23. Qa4 Ne2 24. Rh3 Qf4 25. Qxf4 Nxf4 26. Rg3 h5 27. gxh5 Nxh5 28. Rg5 e4 29. Nd4 g6 30. Rdg1 Kh7 31. Nf5 Re5 32. Ng3 Rxg5 33. hxg5 Nxg3 34. Rxg3 Re8 35. Kc1 Re5 36. Kd2 Rf5 37. Ke3 Kg7 38. Rg4 Rf3+ 39. Ke2 Rh3 40. c4 f5 41. gxf6+ Kxf6 42. cxd5 Kf5 43. Rg1 cxd5 44. Rd1 Ke5 45. Rg1 Rh6 46. c3 Kf4 47. Rd1 Rh5 48. Rd4 Ke5 49. Rb4 Rh7 50. Rb5 Rd7 51. Ke3 b6 52. a4 Rc7 53. a5 Rc5 54. c4 d4+ 55. Ke2 Rxb5 56. cxb5 bxa5 0-1